Teoria do crime / (Record no. 720)

MARC details
000 -LÍDER
Campo Fixo de Controle 00651nam a2200241 a 4500
001 - NÚMERO DE CONTROLE
Campo de Controle 720
003 - IDENTIFICAÇÃO DO NÚMERO DE CONTROLE
Campo de Controle BR-CuiBMT
005 - DATA E HORA DA ÚLTIMA ATUALIZAÇÃO
Campo de Controle 20231114193646.0
008 - DADOS FIXOS
Dados Fixos 231114s2009 rjba 000 0 por d
020 ## - INTERNATIONAL STANDARD BOOK NUMBER
Nº do ISBN 9788537505588
040 ## - AGÊNCIA CATALOGADORA
Código da Agência Catalogadora BR-CuiBMT
Agência que transcreveu o registro BR-CuiBMT
080 ## - Nº DA CLASSIFICAÇÃO DECIMAL UNIVERSAL
Nº edição CDU 2007
Nº Class. CDU 343.232
090 ## - NÚMERO DE CHAMADA
Nº classificação 343.232
Cutter B588t
100 1# - ENTRADA PRINCIPAL -- AUTOR PESSOAL
Nome pessoal Bierrenbach, Sheila
Datas associadas ao nome 1944-
245 10 - TÍTULO PRINCIPAL
Título principal Teoria do crime /
Indicação de responsabilidade Sheila Bierrenbach
260 ## - PUBLICAÇÃO, DISTRIBUIÇÃO, ETC.
Local de publicação Rio de Janeiro :
Editora Lumen Juris,
Data 2009.
300 ## - DESCRIÇÃO FÍSICA
N. páginas ou volumes 282 p. :
Ilustrações il. color. ;
Dimensões 24 cm
504 ## - NOTA DE BIBLIOGRAFIA, ETC.
Nota de bibliografia Inclui bibliografia.
650 ## - ASSUNTO TÓPICO
Cabeçalho tópico ou nome geográfico Direito penal
650 ## - ASSUNTO TÓPICO
Cabeçalho tópico ou nome geográfico Conduta humana
650 ## - ASSUNTO TÓPICO
Cabeçalho tópico ou nome geográfico Teoria do crime
942 ## - ELEMENTOS DE ENTRADA ADICIONAIS (KOHA)
Fonte de classificação ou esquema de arquivamento Classificação Decimal Universal
Tipo de item do Koha Livros
Holdings
Estado: removido Estado: perdido Fonte de classificação ou esquema de arquivamento Estado: danificado Indisponível para empréstimo Localização permanente Localização atual Data de aquisição Total Checkouts Número de Chamada completo Código de barras Date last seen Número do exemplar Preço efetivo a partir de Tipo de item (Koha)
    Classificação Decimal Universal     Biblioteca da Escola Superior de Contas do TCE/MT Biblioteca da Escola Superior de Contas do TCE/MT 15/10/2018   343.232 B588t BIBTCEMT23110571 14/11/2023 Ex. 1 14/11/2023 Livros

Powered by Koha